00502cam a22002171 4500001001300000003000400013005001700017008004100034010001700075035002000092040001800112042001200130050001900142100002200161245002600183260001100209300001800220500001600238500001300254999001700267sa 63002061 DLC20260227111931.0890505s1962 ii 000 1 beno  asa 63002061  a(OCoLC)19660483 aDLCcWaUdDLC apremarc00aPK1718.M5bC481 aMitra, Premendra.10aChāẏā-toraṇa. c[1962] a96 p.c23 cm. aIn Bengali. aA novel. c54289d54289